000 00918nam0a22002651 4500
001 rc\4749450
005 20250613064835.0
021 _aRU
_b[66-45075]
035 _a(NLR Aleph) 008992630
090 _a9256355
_c9256355
100 _a20130417d1966 |||y0rusy50 ca
101 0 _arus
102 _aRU
105 _aa z |||a|
200 1 _aКоролева роботов
_e[Стихи]
210 _aСимферополь
_cКрым
_d1966
215 _a80 с.
_cил.
_d14
327 0 _aЦиклы: На пятом этаже; Город меняет краски; Лариса: Поэма
464 0 _12001#$aНа пятом этаже$aГород меняет краски$aЛариса$eПоэма
_tЛариса
700 1 _aЛенцов
_bВ.А.
_f1935-
_gВладимир Андреевич
801 0 _aRU
_bNLR
_gpsbo
801 1 _aRU
_bELAR
_2rusmarc
852 _aNLR
_j66-1/590
942 _cBOOK
980 _aNB